Opus cinématographiques 18 - Terre du Milieu - Statistiques

Statistiques générales
  • Ce quiz a été pris 575 fois
    436 depuis la dernière actualisation
  • Le résultat moyen est 5 sur 6
Statistiques - réponses
Date de sortie Titre % Correct
2003 Le Seigneur des Anneaux - Le Retour du Roi
99%
2002 Le Seigneur des Anneaux - Les deux Tours
98%
2001 Le Seigneur des Anneaux - La Communauté de l'Anneau
92%
2013 Le Hobbit - La Désolation de Smaug
85%
2014 Le Hobbit - La Bataille des cinq Armées
79%
2012 Le Hobbit - Un Voyage inattendu
68%
Aucun quiz correspondant
Distribution des résultats
% des personnes avec chaque résultat
Percentile par nombre de réponses
Votre historique - résultats
Vous n’avez pas pris ce quiz depuis la dernière actualisation